000
00283nam a2200097Ia 4500
005
20250424112822.0
008
250424s9999 xx 000 0 und d
300
_a
(various pages) ; 28 cm.
650
_a
Engineering--Nigeria--Periodicals. Technology--Nigeria--Periodicals.
942
_c
SR
999
_c
37307
_d
37307